| 000 | 01457nam2a22002531 4500 | ||
|---|---|---|---|
| 001 | rc\215363 | ||
| 005 | 20250612181531.0 | ||
| 010 | _a5-300-01083-9 | ||
| 035 | _a(NLR Aleph) 008774967 | ||
| 090 |
_a7947101 _c7947101 |
||
| 100 | _a20070321d1997 |||y0rusy50 ca | ||
| 101 | 0 | _arus | |
| 102 | _aRU | ||
| 105 | _aa ||||||||| | ||
| 200 | 1 |
_aСултан и его враги, или Тайны константинопольского двора _eИст. романы _f[Пер. М. Брайниса, О. Азарьева] _hКн. 3-4 _iЖелезный граф |
|
| 210 |
_d1997 _aБ. м. |
||
| 215 |
_a415 с. _cил. |
||
| 461 | 0 |
_1001rc\34370 _12001#$aДворцовые тайны$eТрилогия$eВ 6 т.$fГеорг Ф. Борн$g[Пер. с нем. М. Брайниса$gВступ. ст. О.Ю. Суровой$gОформ. худож. Б. Лаврова]$vТ. 8 _1700#1$aБорн$bГ.$gГеорг$f1837-1902 _97138201 _aБорн, Г. (1837-1902) _cМ. _d1996 _fГеорг Ф. Борн _nИзд. центр "Терра" _oТрилогия : В 6 т. _tДворцовые тайны _y5300002992 _vТ. 8 |
|
| 604 | 1 |
_150010$aСултан и его враги, или Тайны константинопольского двора$2psbo _tСултан и его враги, или Тайны константинопольского двора |
|
| 801 | 0 |
_aRU _bNLR _gpsbo |
|
| 801 | 1 |
_aRU _bELAR _2rusmarc |
|
| 852 |
_aNLR _j96-5/1247 |
||
| 942 | _cBOOK | ||
| 980 | _aNB | ||